|
|
|
|
| LEADER |
00000nab a2200000 a 4500 |
| 001 |
vtls010728880 |
| 003 |
SK-MaSNL |
| 005 |
20260304193712.0 |
| 008 |
250709s1942 xo |||||||||||||||||slo| |
| 035 |
|
|
|a (urnnbn)urn:nbn:sk:snk:ar-a054af
|
| 035 |
|
|
|a (uuid)c39f3a60-c35b-4c8a-8f1d-80c0e593cc6d
|
| 035 |
|
|
|a urn:nbn:sk:snk-ab3s0g
|
| 040 |
|
|
|a SNKBUCL
|b slo
|c SNKBUCL
|e AACR2
|
| 041 |
0 |
|
|a slo
|
| 044 |
|
|
|a xo
|c SK
|
| 100 |
1 |
|
|a Matulay, Karol,
|d 1906-1998
|4 aut
|9 119967
|
| 245 |
1 |
0 |
|a Toxické polyneuritídy
|c K. Matulay
|
| 773 |
0 |
|
|t Slovenský lekár
|g Roč. 4, č. 2 (1942), s. 25-29
|
| 850 |
|
|
|a Slovenská národná knižnica
|
| 852 |
|
|
|a Slovenská národná knižnica
|
| 954 |
|
|
|a odborná, vedecká literatúra pôvodná (slovenská)
|2 lita
|
| 958 |
|
|
|a article1
|
| 958 |
|
|
|a OND
|
| 958 |
|
|
|a EUIPO
|
| 999 |
|
|
|c 3068466
|d 3070396
|